000 00582nam a22001937a 4500
999 _c525536
_d525536
003 NUST
005 20190703044748.0
008 190703b ||||| |||| 00| 0 eng d
038 _aMr. Zahoor
082 _a660
100 _aJagirani, Muhammad Younis
_916434
245 _aSeperation of CO2 from Methane Using Ionic Liquids /
_cMuhammad Younis Jagirani
260 _aIslamabad :
_bNUST,
_c2018.
300 _avii, 65 p. : ill. ;
_c30cm.
500 _aHardcover.
650 _aChemical Engineering - MS Thesis
_916130
700 _aDr. Arshad Hussain
_916435
942 _2ddc
_cTHE